| 000 | 00809nam a22002651a 4500 | ||
|---|---|---|---|
| 999 |
_c4812 _d4812 |
||
| 001 | 4812 | ||
| 003 | BD-JhCC | ||
| 005 | 20171203190710.0 | ||
| 008 | 750623r19551966enka j 000 1 eng d | ||
| 035 | _a(BD-JhCC)4812 | ||
| 035 | _a(OCoLC)1404596 | ||
| 040 |
_aDLC _cFO _dOCoLC _dMnDuStS _dUk _dDLC |
||
| 041 | _aeng | ||
| 050 | 0 | 0 |
_aPZ8.1.P6 _bFr |
| 082 |
_a398.20944 _bPIC 1966 |
||
| 100 | 1 | _aPicard, Barbara Leonie. | |
| 245 | 1 | 0 |
_aFrench legends : _bTales and fairy stories / _cretold by Barbara Leonie Picard. Illustrated by Joan Kiddell-Monroe. |
| 260 |
_a[London] _bOxford University Press, _c1955. [Reprinted 1966] |
||
| 300 |
_a215 p. _billus. (part col) _c22 cm. |
||
| 650 | 0 |
_aLegends _zFrance. |
|
| 650 | 0 |
_aTales _zFrance. |
|
| 650 | 0 |
_aFairy tales _zFrance. |
|
| 942 |
_2ddc _cBK |
||